书目信息 |
| 书名: | The futures game : | |
| 作者: | Richard J. Teweles, Frank J. Jones. | |
| 分册号: | ||
| 分册名: | 出版地: | New York : |
|
| 出版社: | McGraw-Hill Book Co | |
| 出版时间: | c1987. | |
| 页数: | xxii, 649 p. : | |
| 开本: | 24 cm. | |
| 丛书名: | ||
| 中图分类号: | ||
| 科图分类号: | ||
| 其他分类号: | F031 | |
| 主题词: | ||
| 电子资源: | ||
| 000 | 01165nam 2200349 a 4500 | |
| 001 | E0761189577 | |
| 005 | 20070516153521.01 | |
| 008 | uu | |
| 008 | 00110 eng | |
| 010 | @a86010509 | |
| 020 | @a0-07-063734-2 :@c$29.95. | |
| 049 | @aN5LA | |
| 050 | 0 | @aHG6046 @b.T45 1987 |
| 082 | 0 | @a332.64/4 @219 |
| 090 | @aF031 | |
| 096 | @aF031 @v2 | |
| 099 | @dF031@ex60=2 | |
| 100 | 10 | @aTeweles, Richard Jack, @d1924- |
| 245 | 14 | @aThe futures game : :@bwho wins? Who loses? Why? / @cRichard J. Teweles, Frank J. Jones. |
| 250 | @a2nd ed. | |
| 260 | 0 | @aNew York :@bMcGraw-Hill Book Co.,@cc1987. |
| 260 | @aBerkeley :@bBerkeley. | |
| 300 | @axxii, 649 p. :@bill. ;@c24 cm. | |
| 500 | @aRev. ed. of: The commodity futures game. 1974. | |
| 500 | @aIncludes index. | |
| 504 | @aBibliography: p. 609-639. | |
| 650 | 0 | @aCommodity exchanges. |
| 650 | 0 | @aSpeculation. |
| 650 | 0 | @aFinancial futures. |
| 700 | 10 | @aJones, Frank Joseph, @ejt. auth. |
| 700 | 11 | @aTeweles, Richard Jack, @d1924- @tCommodity futures game. @b00 @c20020930 @lNLC09 @h2249 @lNLC09 @h2337 @lNLC09 @h1928 |
| 852 | 9 | @bWWJC @cJ08N @k2-88 @hF031 @iT35/1987 |
| The futures game : : : who wins? Who loses? Why? / / Richard J. Teweles, Frank J. Jones.-2nd ed.-New York : : McGraw-Hill Book Co., , c1987.-Berkeley : : Berkeley. |
| xxii, 649 p. : : ill. ; ; 24 cm. |
| Rev. ed. of: The commodity futures game. 1974.-Includes index.-Bibliography: p. 609-639. |
| ISBN 0-07-063734-2 :$29.95. |
| ● |
| 相关链接 |
|
|
|
|
正题名:futures game
索取号:F031/x60=2
 
预约/预借
| 序号 | 登录号 | 条形码 | 馆藏地/架位号 | 状态 | 备注 |
| 1 | 9320 | 300093208 | 第二样本阅览室/ [索取号:F031/x60=2] | 在馆 | |
| 2 | 9321 | 300093217 | 第四借阅区/ [索取号:F031/x60=2] | 在馆 | |
| 3 | 9322 | 300093226 | 第四借阅区/ [索取号:F031/x60=2] | 在馆 | |
| 4 | 9323 | 300093235 | 第四借阅区/ [索取号:F031/x60=2] | 在馆 | |
| 5 | 9494 | 300094948 | 第四借阅区/ [索取号:F031/x60=2] | 在馆 |